<?xml version="1.0" encoding="UTF-8"?>
<record
    xmlns:xsi="http://www.w3.org/2001/XMLSchema-instance"
    xsi:schemaLocation="http://www.loc.gov/MARC21/slim http://www.loc.gov/standards/marcxml/schema/MARC21slim.xsd"
    xmlns="http://www.loc.gov/MARC21/slim">

  <leader>00340nam a2200133Ia 4500</leader>
  <controlfield tag="008">230411s9999    xx            000 0 und d</controlfield>
  <datafield tag="041" ind1=" " ind2=" ">
    <subfield code="a">eng</subfield>
  </datafield>
  <datafield tag="082" ind1=" " ind2=" ">
    <subfield code="a">SO/301/CLE/B06886</subfield>
  </datafield>
  <datafield tag="100" ind1=" " ind2=" ">
    <subfield code="a">Clement I</subfield>
    <subfield code="9">119826</subfield>
  </datafield>
  <datafield tag="245" ind1=" " ind2=" ">
    <subfield code="a">Sociology for Nurses</subfield>
  </datafield>
  <datafield tag="260" ind1=" " ind2=" ">
    <subfield code="b">Pearson Education</subfield>
    <subfield code="a">New Delhi</subfield>
    <subfield code="c">2012</subfield>
  </datafield>
  <datafield tag="300" ind1=" " ind2=" ">
    <subfield code="a">310p</subfield>
  </datafield>
  <datafield tag="999" ind1=" " ind2=" ">
    <subfield code="c">157144</subfield>
    <subfield code="d">157144</subfield>
  </datafield>
  <datafield tag="952" ind1=" " ind2=" ">
    <subfield code="0">0</subfield>
    <subfield code="1">0</subfield>
    <subfield code="4">0</subfield>
    <subfield code="7">0</subfield>
    <subfield code="8">SO</subfield>
    <subfield code="a">BTIN</subfield>
    <subfield code="b">BTIN</subfield>
    <subfield code="d">2011-11-02</subfield>
    <subfield code="e">Pritam Book Centre</subfield>
    <subfield code="g">190.00</subfield>
    <subfield code="i">7645</subfield>
    <subfield code="l">15</subfield>
    <subfield code="m">4</subfield>
    <subfield code="o">SO 301 CLE B06886</subfield>
    <subfield code="p">BTIN-BK-6886</subfield>
    <subfield code="r">2026-01-01 15:49:48</subfield>
    <subfield code="s">2025-12-23</subfield>
    <subfield code="v">142.00</subfield>
    <subfield code="w">2011-11-02</subfield>
    <subfield code="y">BK</subfield>
    <subfield code="z">B06886</subfield>
  </datafield>
</record>
